000 00696nam a22001697a 4500
008 230917b |||||||| |||| 00| 0 eng d
020 _a9789937866316
041 _aNep.
082 _aN324.21/T538d
100 _aथापा, हरिबहादुर
245 _aदलीय द्वन्द्व; राजनीतिक चलखेलका बेलीविस्तार
260 _aकाठमाडौंः
_bसाङ्ग्रीला पुस्तक,
_c२०६९वि.
300 _a३८९पृ.
504 _aसन्दर्भसामग्रीः पृ३८१-३८५
650 _aराजनीतिक दल
942 _2ddc
_cGEN
999 _c110460
_d110448